Отчет о работе делегации ГПНТБ России на 66-й Генеральной конференции ИФЛА: (Иерусалим, Израиль, 13 - 18 авг. 2000 г.); Научные и технические библиотеки; № 1

Bibliographic Details
Parent link:Научные и технические библиотеки: ежемесячный сборник по вопросам теории и практики библиотечного дела/ Государственная публичная научно-техническая библиотека России.— , 1994-.— 0130-9765
№ 1.— 2001.— С. 109-115
Corporate Author: Государственная публичная научно-техническая библиотека России
Language:Russian
Published: 2001
Series:ИФЛА - 2000
Subjects:
Format: Book Chapter
KOHA link:https://koha.lib.tpu.ru/cgi-bin/koha/opac-detail.pl?biblionumber=396116

MARC

LEADER 00000naa2a2200000 4500
001 396116
005 20231101064728.0
035 |a (RuTPU)RU\TPU\prd\33894 
035 |a RU\TPU\prd\33893 
090 |a 396116 
100 |a 20050318a2001 k y0rusy50 ca 
101 0 |a rus 
102 |a RU 
200 1 |a Отчет о работе делегации ГПНТБ России на 66-й Генеральной конференции ИФЛА  |e (Иерусалим, Израиль, 13 - 18 авг. 2000 г.)  |f Государственная публичная научно-техническая библиотека России 
225 1 |a ИФЛА - 2000 
461 0 |0 (RuTPU)RU\TPU\prd\1594  |x 0130-9765  |t Научные и технические библиотеки  |o ежемесячный сборник по вопросам теории и практики библиотечного дела  |f Государственная публичная научно-техническая библиотека России  |d 1994- 
463 0 |0 (RuTPU)RU\TPU\prd\33316  |t № 1  |v С. 109-115  |d 2001 
610 1 |a отчет 
610 1 |a конференции 
610 1 |a ИФЛА 
712 0 2 |a Государственная публичная научно-техническая библиотека России  |2 stltpush  |3 (RuTPU)RU\TPU\col\602 
801 1 |a RU  |b 63413507  |c 20050311  |g PSBO 
801 2 |a RU  |b 63413507  |c 20060605  |g PSBO 
942 |c BK